Statistics for Genshin Impact constellations (V.4.6)

Click here to take the quiz!

General Stats

  • This quiz has been taken 313 times
    (50 since last reset)
  • The average score is 36 of 82

Answer Stats

Latin nameTranslationCharacter% Correct
PeregrinusWandererWanderer
77%
Pavo OcellusPeacock EyespotKaeya
74%
Taurus IracundusRaging BullArataki Itto
72%
FelesCatDiona
72%
Divina VulpesDivine FoxYae Miko
72%
Lupus MinorLesser WolfRazor
69%
Monoceros CaeliCelestial NarwhalTartaglia
69%
Lapis DeiGod's StoneZhongli
69%
Vulpes ZerdaFennec FoxTighnari
67%
Carmen DeiGod's SongVenti
67%
CorvusRavenFischl
64%
TrifoliumCloverKlee
64%
Leviathan JudicatorLeviathan JudgeNeuvillette
64%
ViatorTravelerAether
62%
Acer PalmatumPalmate MapleKaedehara Kazuha
62%
Nyctereutes MinorLesser TanukiSayu
62%
Princeps CretaceusChalk PrinceAlbedo
59%
ViatrixTravelerLumine
59%
Fila IgniumStrings of FireXinyan
59%
Canis BellatorisWarrior's DogGorou
56%
AstrolabosAstrolabeMona
56%
Dracaena SomnolentaSleeping DragonessSangonomiya Kokomi
56%
Felis AlbaWhite CatLynette
54%
Spinea CoronaThorny CrownRosaria
54%
CerberusCerberusWriothesley
54%
Sclopetum EnsiferumSword-Bearing RifleChevreuse
51%
CisoriaScissorsChiori
51%
Opera GrandisGrand OperaYun Jin
51%
Victor MareConqueror of the SeaBeidou
49%
Papilio CharontisButterfly of CharonHu Tao
49%
NoctuaOwlDiluc
46%
Magicae LucernaMagic LampDori
46%
Grus NivisSnow-White CraneKamisato Ayaka
46%
Lotos SomnoSleeping LotusNilou
46%
Rubeum ScutumRed ShieldThoma
46%
Grus SerenaSerene CraneXianyun
46%
Carassius AuratusGoldfishYoimiya
46%
Vultur VolansFlying VultureAlhaitham
44%
LepusRabbitAmber
44%
Leo MinorLesser LionJean
44%
Rosa MultifloraMultiflora RoseNavia
44%
Alatus NemeseosWinged NemesisXiao
44%
Rota CalamitasWheel of MisfortuneBennett
41%
Leo ExpergiscensAwakening LionGaming
41%
ArcellaLittle BoxKirara
41%
Felis FuscusBlack CatLyney
41%
OsmanthusOsmanthusYaoyao
41%
Sinae UnicornisChinese UnicornGanyu
38%
Sapientia OromasdisWisdom of OromasdisNahida
38%
Parma CordisHeart's ShieldNoelle
38%
Imperatrix UmbrosaShadow EmpressRaiden Shogun
38%
TrullaLadleXiangling
38%
Umbrabilis OrchisShadowy OrchidYelan
38%
Ignis PurgatoriusCleansing FireArlecchino
36%
Lupus AureusGolden WolfCyno
36%
AutomatonAutomatonFreminet
36%
ParadisaeaBird-of-paradiseKaveh
36%
AmpullaFlaskSucrose
36%
Animula ChoragiLittle Soul ConductorFurina
33%
Tempus FugitTime FliesLisa
33%
MantichoraManticoreDehya
31%
Pristina NolaAncient BellQiqi
31%
Cervus MinorLesser DeerShikanoin Heizou
31%
Nora FortisNora BraveAloy
28%
Leptailurus CervariusServalCollei
28%
Fabulae TextileWoven StoriesXingqiu
28%
Hualina VeritasCrystalline TruthCharlotte
26%
Aphros DelosBrilliant Sea-FoamEula
26%
Nubis CaesorCloud CutterChongyun
23%
Bestia IustitiaBeast of JusticeYanfei
23%
LagenariaCalabashBaizhu
21%
CraterCupBarbara
21%
Sagitta ScutumArrow ShieldCandace
21%
Flosculi ImplexiEntwined FlowersFaruzan
21%
Cypressus CustosGuardian CypressKamisato Ayato
21%
Trulla CementariiPlumb LineKeqing
21%
FlabellumHandheld FanKujou Sara
21%
LusciniaNightingaleLayla
21%
PalumbusWood PigeonMika
21%
Crista DolorisCrest of SorrowShenhe
21%
Tribulatio DemptioTrouble RemovalKuki Shinobu
18%
Opus AequilibriumBalancing CreationNingguang
18%

Score Distribution

Percentile by Number Answered

Percent of People with Each Score

Your Score History

You have not taken this quiz since the last reset